<?xml version="1.0" encoding="UTF-8"?>
<record
    xmlns:xsi="http://www.w3.org/2001/XMLSchema-instance"
    xsi:schemaLocation="http://www.loc.gov/MARC21/slim http://www.loc.gov/standards/marcxml/schema/MARC21slim.xsd"
    xmlns="http://www.loc.gov/MARC21/slim">

  <leader>01933nam a22002897i 4500</leader>
  <datafield tag="999" ind1=" " ind2=" ">
    <subfield code="c">171797</subfield>
    <subfield code="d">171797</subfield>
  </datafield>
  <controlfield tag="005">20190325164542.0</controlfield>
  <controlfield tag="008">190325t20142014sz ao  e      001 0deng d</controlfield>
  <datafield tag="020" ind1=" " ind2=" ">
    <subfield code="a">9783037681657</subfield>
    <subfield code="q">hardback</subfield>
    <subfield code="c">RM89.90</subfield>
  </datafield>
  <datafield tag="040" ind1=" " ind2=" ">
    <subfield code="a">PPAK</subfield>
    <subfield code="b">eng</subfield>
    <subfield code="c">PAPK</subfield>
    <subfield code="e">rda</subfield>
  </datafield>
  <datafield tag="082" ind1="0" ind2="4">
    <subfield code="a">623.8223</subfield>
    <subfield code="2">23</subfield>
  </datafield>
  <datafield tag="090" ind1="0" ind2="0">
    <subfield code="a">623.8223</subfield>
    <subfield code="b">KRA</subfield>
    <subfield code="d">R</subfield>
  </datafield>
  <datafield tag="100" ind1="1" ind2=" ">
    <subfield code="a">Kramer, Sibylle,</subfield>
    <subfield code="d">1967-</subfield>
    <subfield code="e">author.</subfield>
    <subfield code="e">editor.</subfield>
  </datafield>
  <datafield tag="245" ind1="1" ind2="0">
    <subfield code="a">Sailing Yachts :</subfield>
    <subfield code="b">The Masters of Elegance and Style /</subfield>
    <subfield code="c">Sibylle Kramer ; Editor: Sibylle Kramer ; Translation: Geoffrey Steinherz</subfield>
  </datafield>
  <datafield tag="250" ind1=" " ind2=" ">
    <subfield code="a">1st edition. </subfield>
  </datafield>
  <datafield tag="264" ind1=" " ind2="1">
    <subfield code="a">[Salenstein] :</subfield>
    <subfield code="b">Braun Publishing AG,</subfield>
    <subfield code="c">2014</subfield>
  </datafield>
  <datafield tag="264" ind1=" " ind2="4">
    <subfield code="c">&#xA9;2014 </subfield>
  </datafield>
  <datafield tag="300" ind1=" " ind2=" ">
    <subfield code="a">176 pages :</subfield>
    <subfield code="b">colour illustrations, colour photographs ;</subfield>
    <subfield code="c">35 cm</subfield>
  </datafield>
  <datafield tag="336" ind1=" " ind2=" ">
    <subfield code="2">rdacontent</subfield>
    <subfield code="a">text</subfield>
  </datafield>
  <datafield tag="337" ind1=" " ind2=" ">
    <subfield code="2">rdamedia</subfield>
    <subfield code="a">unmediated</subfield>
  </datafield>
  <datafield tag="338" ind1=" " ind2=" ">
    <subfield code="2">rdacarrier</subfield>
    <subfield code="a">volume</subfield>
  </datafield>
  <datafield tag="500" ind1=" " ind2=" ">
    <subfield code="a">Includes index</subfield>
  </datafield>
  <datafield tag="520" ind1=" " ind2=" ">
    <subfield code="a">Without having to rely on the power of engines, sailing yachts glide effortlessly through the waves, fulfilling dreams of freedom, adventure, luxury or relaxation. Next to the challenges posed by using materials and spatial concepts that must withstand the forces of wind and water, designers and shipyards must also creatively comply with the increasingly extravagant wishes of the owners. Current trends include extremely flexible fittings that turn the time spent on board into a very special experience such as a cockpit table that converts into a sun bed with a simple twist of the hand, or into an inviting lounge at the push of a button. This book presents a selection of 40 sailing yachts constituting the entire range of available models of this type of boat from racers to cruisers, and from the 7 meter-long maritime design gem to the luxury-class mega- yacht with a length of more than 100 meters. Welcome on board</subfield>
  </datafield>
  <datafield tag="650" ind1="1" ind2="0">
    <subfield code="a">Yachts</subfield>
    <subfield code="x">Design and construction</subfield>
  </datafield>
  <datafield tag="650" ind1="2" ind2="0">
    <subfield code="a">Sailboats</subfield>
    <subfield code="x">Design and construction</subfield>
  </datafield>
  <datafield tag="700" ind1="1" ind2=" ">
    <subfield code="a">Steinherz, Geoffrey,</subfield>
    <subfield code="e">translator.</subfield>
  </datafield>
  <datafield tag="942" ind1=" " ind2=" ">
    <subfield code="2">ddc</subfield>
    <subfield code="c">B</subfield>
  </datafield>
  <datafield tag="952" ind1=" " ind2=" ">
    <subfield code="0">0</subfield>
    <subfield code="7">1</subfield>
    <subfield code="b">PPAK</subfield>
    <subfield code="c">R</subfield>
    <subfield code="d">2019-04-28</subfield>
    <subfield code="o">R 623.8223 KRA</subfield>
    <subfield code="p">A01598740</subfield>
    <subfield code="r">2019-04-28 00:00:00</subfield>
    <subfield code="y">B</subfield>
  </datafield>
  <datafield tag="952" ind1=" " ind2=" ">
    <subfield code="0">0</subfield>
    <subfield code="7">1</subfield>
    <subfield code="b">LW</subfield>
    <subfield code="c">R</subfield>
    <subfield code="d">2019-04-28</subfield>
    <subfield code="o">R 623.8223 KRA</subfield>
    <subfield code="p">A01598741</subfield>
    <subfield code="r">2019-04-28 00:00:00</subfield>
    <subfield code="y">B</subfield>
  </datafield>
</record>
